Regionální inspirace pro marketing

Význam marketingu nielen pre úspešnosť podnikov, ale aj pre rozvoj regiónov. Vymedzenie pojmu ideálna predstava či ideálny obraz regiónu a jeho využitie v regionálnom marketingu. Formulácia ideálnej predstavy či vízie pre región. Požiadavky, ktoré musí spĺňať ideálna predstava, aby mohla splniť svoj...

Descrizione completa

Salvato in:
Dettagli Bibliografici
Autore principale: Hofman, Jiří
Natura: Capitolo di libro
Lingua:ceco
Soggetti:
Tags: Aggiungi Tag
Nessun Tag, puoi essere il primo ad aggiungerne!!

MARC

LEADER 00000naa$a2200000$$$4500
001 0023954
005 20221207104934.8
041 0 |a cze 
044 |a SK 
245 1 0 |a Regionální inspirace pro marketing  |c Jiří Hofman 
520 |a Význam marketingu nielen pre úspešnosť podnikov, ale aj pre rozvoj regiónov. Vymedzenie pojmu ideálna predstava či ideálny obraz regiónu a jeho využitie v regionálnom marketingu. Formulácia ideálnej predstavy či vízie pre región. Požiadavky, ktoré musí spĺňať ideálna predstava, aby mohla splniť svoju úlohu v regionálnom marketingu. 
610 2 0 |a marketing regionálny 
610 2 0 |a vízie 
610 2 0 |a regióny 
610 2 0 |a politika regionálna 
100 1 |a Hofman, Jiří